000 00728nam a2200205 i 4500
001 131720
003 ES-MaACL
005 20231228063230.0
007 t|
008 070214s1927 sp r ||||1| spa d
080 _a821.134.2-14"18"
100 1 _aLista y Aragón, Alberto,
_d1775-1848
_972559
245 1 0 _aPoesías inéditas de Alberto Rodríguez de Lista /
_c[publicado por la] Sociedad de Menéndez y Pelayo ; edición y estudio preliminar de José María de Cossío.
260 _aMadrid :
_bVoluntad,
_c1927.
300 _a423 p. ;
_c20 cm.
700 1 _aCossío, José María de,
_d1893-1977
_941017
710 2 _aSociedad Menéndez Pelayo
_96793
852 _aES-MaACL
_jF-2310
999 _c131720
_d131720